|
|
|
|
| LEADER |
01491nam a22002892a 4500 |
| 001 |
000309206 |
| 003 |
CZ BrMZK |
| 005 |
20061021130050.0 |
| 008 |
010907s1987 xr f cze d |
| 015 |
|
|
|a cnb000038419
|
| 035 |
|
|
|a (OCoLC)39431572
|
| 040 |
|
|
|a BOA001
|b cze
|c BOA001
|
| 080 |
|
|
|a 943.722.5:069.027(064)
|2 MRF
|
| 080 |
|
|
|a 069.027:943.722.5(064)
|2 MRF
|
| 245 |
0 |
0 |
|a Kronika Břeclavska :
|b stálá expozice Regionálního muzea v Mikulově.
|n Díl 1,
|p Počátky dělnického hnutí v břeclavském regionu a jeho rozvoj do založení Komunistické strany Československa /
|c Miroslav Grebeníček
|
| 246 |
3 |
0 |
|a Počátky dělnického hnutí v břeclavském regionu a jeho rozvoj do založení Komunistické strany Československa
|
| 260 |
|
|
|a Mikulov :
|b Regionální muzeum,
|c 1987
|
| 300 |
|
|
|a 18 s., příl. ;
|c 1 volná příl.
|
| 500 |
|
|
|a Katalog ke stálé expozici
|
| 500 |
|
|
|a Dostupné též v digitální podobě v aplikaci Kramerius
|
| 700 |
1 |
|
|a Grebeníček, Miroslav,
|d 1947-
|7 jn20000400801
|4 aut
|
| 710 |
2 |
|
|a Regionální muzeum (Mikulov, Břeclav, Česko)
|7 kn20020523001
|
| 856 |
4 |
1 |
|u http://www.digitalniknihovna.cz/mzk/uuid/uuid:9a6c9620-0533-11ea-a20e-005056827e51
|y Digitalizovaný dokument
|x NDK
|
| 910 |
|
|
|a BOA001
|b X-0930.000,1
|
| 990 |
|
|
|a BK
|
| 996 |
6 |
|
|b 2619165412
|c X-0930.000,1
|l MZK
|r Sklad / do 24 hodin
|n 1
|w 000309206
|u 000020
|a 1
|e BOA001
|j MZK50
|s P
|
| 996 |
7 |
|
|b 2619835711
|c X-0930.000,1
|l MZK
|r Sklad / do 24 hodin
|n 2
|w 000309206
|u 000010
|a 1
|e BOA001
|j MZK50
|s A
|